Flags of the Countries That End in E - Statistics

General Stats
  • This quiz has been taken 21 times
  • The average score is 10 of 12
Answer Stats
Picture Answer % Correct
France
94%
Greece
94%
Ukraine
94%
Belize
88%
Chile
88%
Mozambique
88%
Singapore
88%
Cape Verde
82%
Zimbabwe
82%
São Tomé and Principe
76%
Sierra Leone
71%
Suriname
71%
No matching quizzes found
Score Distribution
Percent of People with Each Score
Percentile by Number Answered
Your Score History
You have not taken this quiz